[Event "DEM U10 2025"]
[Site "Willingen GER"]
[Date "2025.06.09"]
[Round "3"]
[White "Schmidt, Fabian"]
[Black "von Gehlen, Elian"]
[Result "0-1"]
[Termination "normal"]
[Board "9"]
[WhiteElo "1407"]
[BlackElo "1548"]
[WhiteClock "00:18:28"]
[BlackClock "00:24:52"]
[PlyCount "112"]
[WhiteFideId "533043515"]
[BlackFideId "34651560"]
[EventCountry "GER"]
[EventRounds "9"]
[EventType "swiss"]
[EventDate "2025.06.07"]

1. e4 {[%clk 01:30:58]} {[%emt 00:00:01]} c6 {[%clk 01:30:42]} 2. d4 {[%clk
01:31:25]} {[%emt 00:00:21]} d5 {[%clk 01:30:52]} 3. e5 {[%clk 01:31:52]}
{[%emt 00:00:23]} Bf5 {[%clk 01:30:46]} 4. Nf3 {[%clk 01:32:17]} {[%emt
00:00:41]} e6 {[%clk 01:30:20]} 5. Be2 {[%clk 01:32:37]} {[%emt 00:01:06]} c5
{[%clk 01:30:12]} {[%emt 00:00:37]} 6. Be3 {[%clk 01:33:02]} {[%emt 00:00:06]}
Nc6 {[%clk 01:28:38]} 7. dxc5 {[%clk 01:27:01]} {[%emt 00:08:36]} Qc7 {[%clk
01:26:12]} 8. Bb5 {[%clk 01:15:42]} {[%emt 00:14:43]} Nge7 {[%clk 01:25:03]} 9.
c3 {[%clk 01:10:52]} {[%emt 00:06:59]} Bg6 {[%clk 01:23:06]} 10. O-O {[%clk
01:04:57]} {[%emt 00:08:52]} Nf5 {[%clk 01:18:47]} 11. Bd4 {[%clk 01:03:26]}
{[%emt 00:06:50]} Be7 {[%clk 01:16:43]} 12. Qa4 {[%clk 00:57:38]} {[%emt
00:08:53]} O-O {[%clk 01:14:15]} 13. Bxc6 {[%clk 00:57:38]} bxc6 {[%clk
01:14:15]} 14. Na3 {[%clk 00:50:17]} {[%emt 00:12:52]} f6 {[%clk 01:12:08]} 15.
Rfe1 {[%clk 00:48:19]} {[%emt 00:04:02]} Rae8 {[%clk 01:06:24]} 16. Nc2 {[%clk
00:46:11]} {[%emt 00:08:53]} Nh6 {[%clk 01:02:19]} 17. exf6 {[%clk 00:35:25]}
{[%emt 00:15:50]} Bxf6 {[%clk 00:59:56]} 18. Ne5 {[%clk 00:35:25]} Bxe5 {[%clk
00:59:56]} 19. Bxe5 {[%clk 00:29:42]} {[%emt 00:15:44]} Qf7 {[%clk 00:54:06]}
20. Re2 {[%clk 00:24:23]} {[%emt 00:06:32]} Be4 {[%clk 00:42:16]} 21. Ne3
{[%clk 00:24:23]} Qh5 {[%clk 00:42:16]} 22. f3 {[%clk 00:24:23]} Bxf3 {[%clk
00:42:16]} 23. gxf3 {[%clk 00:20:54]} {[%emt 00:25:59]} Qxe5 {[%clk 00:34:32]}
24. Rae1 {[%clk 00:16:39]} {[%emt 00:05:17]} Rxf3 {[%clk 00:27:14]} 25. Ng4
{[%clk 00:16:00]} {[%emt 00:08:58]} Qg5 {[%clk 00:26:29]} 26. Rg2 {[%clk
00:16:00]} {[%emt 00:01:42]} Ref8 27. Qxc6 {[%clk 00:16:00]} Nxg4 {[%clk
00:22:18]} 28. Qxe6+ {[%clk 00:13:50]} {[%emt 00:14:46]} Kh8 {[%clk 00:16:16]}
{[%emt 00:00:10]} 29. Qxg4 {[%clk 00:13:37]} {[%emt 00:00:42]} Qe3+ {[%clk
00:16:39]} {[%emt 00:00:08]} 30. Kh1 {[%clk 00:12:52]} {[%emt 00:01:14]} Qxe1+
{[%clk 00:16:34]} {[%emt 00:00:36]} 31. Rg1 {[%clk 00:12:37]} {[%emt 00:00:44]}
Qe5 {[%clk 00:16:47]} {[%emt 00:00:17]} 32. c6 {[%clk 00:12:33]} Rf2 {[%clk
00:17:00]} {[%emt 00:00:52]} 33. Qh4 {[%clk 00:11:56]} Qe4+ {[%clk 00:16:38]}
{[%emt 00:02:00]} 34. Qxe4 {[%clk 00:12:19]} dxe4 {[%clk 00:17:03]} {[%emt
00:00:10]} 35. c7 {[%clk 00:12:25]} {[%emt 00:00:26]} R2f7 {[%clk 00:17:19]}
{[%emt 00:00:13]} 36. c4 {[%clk 00:12:32]} {[%emt 00:00:24]} Rxc7 {[%clk
00:17:44]} {[%emt 00:00:05]} 37. b3 {[%clk 00:12:55]} {[%emt 00:00:07]} e3
{[%clk 00:18:08]} {[%emt 00:00:05]} 38. Re1 {[%clk 00:12:52]} {[%emt 00:00:33]}
Re7 {[%clk 00:18:27]} {[%emt 00:00:12]} 39. c5 {[%clk 00:13:16]} {[%emt
00:00:07]} Rd8 {[%clk 00:18:39]} {[%emt 00:00:17]} 40. c6 {[%clk 00:13:36]} Rc8
{[%clk 00:19:01]} {[%emt 00:00:18]} 41. b4 {[%clk 00:13:59]} Rxc6 {[%clk
00:19:01]} 42. b5 {[%clk 00:14:23]} {[%emt 00:00:18]} Rc2 {[%clk 00:19:37]}
{[%emt 00:00:18]} 43. a4 {[%clk 00:14:42]} {[%emt 00:00:12]} Rd7 {[%clk
00:20:00]} {[%emt 00:00:07]} 44. a5 {[%clk 00:14:50]} {[%emt 00:00:22]} e2
{[%clk 00:20:13]} {[%emt 00:00:16]} 45. Kg2 {[%clk 00:15:08]} {[%emt 00:00:11]}
Rd5 {[%clk 00:20:29]} {[%emt 00:00:15]} 46. b6 {[%clk 00:15:15]} {[%emt
00:00:23]} Rxa5 {[%clk 00:20:48]} {[%emt 00:00:11]} 47. b7 {[%clk 00:15:37]}
{[%emt 00:00:09]} Rb5 {[%clk 00:21:12]} {[%emt 00:00:05]} 48. b8=Q+ {[%clk
00:15:44]} {[%emt 00:00:23]} Rxb8 {[%clk 00:21:35]} {[%emt 00:00:06]} 49. Kf2
{[%clk 00:16:06]} {[%emt 00:00:09]} a5 {[%clk 00:22:01]} {[%emt 00:00:05]} 50.
h4 {[%clk 00:16:29]} {[%emt 00:00:06]} a4 {[%clk 00:22:26]} {[%emt 00:00:05]}
51. Rxe2 {[%clk 00:16:45]} {[%emt 00:00:14]} Rxe2+ {[%clk 00:22:50]} {[%emt
00:00:06]} 52. Kxe2 {[%clk 00:17:06]} {[%emt 00:00:10]} a3 {[%clk 00:23:16]}
{[%emt 00:00:05]} 53. h5 {[%clk 00:17:33]} {[%emt 00:00:02]} a2 {[%clk
00:23:42]} {[%emt 00:00:05]} 54. h6 {[%clk 00:17:49]} {[%emt 00:00:12]} a1=Q
{[%clk 00:24:04]} {[%emt 00:00:08]} 55. hxg7+ {[%clk 00:18:14]} {[%emt
00:00:06]} Kxg7 {[%clk 00:24:28]} {[%emt 00:00:06]} 56. Kf3 {[%clk 00:18:28]}
{[%emt 00:00:16]} Rb4 {[%clk 00:24:52]} {[%emt 00:00:07]} 0-1

[Event "DEM U10 2025"]
[Site "Willingen GER"]
[Date "2025.06.09"]
[Round "3"]
[White "Stopp, Bruno"]
[Black "Schmidt, Alexander Nadvid"]
[Result "1-0"]
[Termination "normal"]
[Board "10"]
[WhiteElo "1519"]
[BlackElo "1565"]
[WhiteClock "00:48:03"]
[BlackClock "00:56:13"]
[PlyCount "69"]
[WhiteFideId "34640347"]
[BlackFideId "34661360"]
[EventCountry "GER"]
[EventRounds "9"]
[EventType "swiss"]
[EventDate "2025.06.07"]

1. e4 {[%clk 01:30:57]} {[%emt 00:00:02]} e5 {[%clk 01:30:55]} {[%emt
00:00:06]} 2. Nf3 {[%clk 01:31:13]} {[%emt 00:00:14]} Nc6 {[%clk 01:25:26]}
{[%emt 00:05:59]} 3. Bc4 {[%clk 01:31:31]} {[%emt 00:00:12]} Bc5 {[%clk
01:25:50]} {[%emt 00:00:06]} 4. O-O {[%clk 01:30:32]} {[%emt 00:01:29]} d6
{[%clk 01:25:53]} {[%emt 00:00:27]} 5. d3 {[%clk 01:30:52]} {[%emt 00:00:10]}
h6 {[%clk 01:26:10]} {[%emt 00:00:13]} 6. c3 {[%clk 01:30:53]} {[%emt
00:00:29]} Nf6 {[%clk 01:25:53]} {[%emt 00:00:46]} 7. Nbd2 {[%clk 01:31:09]}
{[%emt 00:00:14]} a5 {[%clk 01:25:54]} {[%emt 00:00:30]} 8. Re1 {[%clk
01:30:39]} {[%emt 00:01:00]} Bg4 {[%clk 01:26:02]} {[%emt 00:00:22]} 9. Nf1
{[%clk 01:30:52]} {[%emt 00:00:17]} Qb8 {[%clk 01:26:21]} {[%emt 00:00:10]} 10.
a4 {[%clk 01:29:55]} {[%emt 00:01:29]} Qa7 {[%clk 01:26:43]} {[%emt 00:00:07]}
11. Be3 {[%clk 01:29:48]} {[%emt 00:00:37]} Bxe3 {[%clk 01:26:56]} {[%emt
00:00:18]} 12. Nxe3 {[%clk 01:29:18]} {[%emt 00:01:00]} Be6 {[%clk 01:27:09]}
{[%emt 00:00:16]} 13. Qb3 {[%clk 01:28:41]} {[%emt 00:01:07]} Bxc4 {[%clk
01:26:07]} {[%emt 00:01:32]} 14. Qxc4 {[%clk 01:28:56]} {[%emt 00:00:16]} g6
{[%clk 01:25:45]} {[%emt 00:00:52]} 15. d4 {[%clk 01:26:22]} {[%emt 00:03:03]}
O-O {[%clk 01:20:36]} {[%emt 00:05:39]} 16. dxe5 {[%clk 01:24:12]} {[%emt
00:02:41]} dxe5 {[%clk 01:20:41]} {[%emt 00:00:24]} 17. Nd5 {[%clk 01:24:32]}
{[%emt 00:00:10]} Ne8 {[%clk 01:19:09]} {[%emt 00:02:03]} 18. Rad1 {[%clk
01:23:15]} {[%emt 00:01:47]} Nd6 {[%clk 01:18:58]} {[%emt 00:00:41]} 19. Qa2
{[%clk 01:22:52]} {[%emt 00:00:51]} Rac8 {[%clk 01:11:44]} {[%emt 00:07:46]}
20. b4 {[%clk 01:21:09]} {[%emt 00:02:14]} axb4 {[%clk 01:08:50]} {[%emt
00:03:24]} 21. cxb4 {[%clk 01:21:23]} {[%emt 00:00:15]} b5 {[%clk 01:08:44]}
{[%emt 00:00:36]} 22. Rc1 {[%clk 01:20:42]} {[%emt 00:01:11]} Nc4 {[%clk
01:08:55]} {[%emt 00:00:19]} 23. Rxc4 {[%clk 01:19:06]} {[%emt 00:02:07]} bxc4
{[%clk 01:08:12]} {[%emt 00:01:13]} 24. Qxc4 {[%clk 01:19:25]} {[%emt
00:00:10]} Qxa4 {[%clk 01:08:31]} {[%emt 00:00:12]} 25. Qxc6 {[%clk 01:19:35]}
{[%emt 00:00:20]} Qxc6 {[%clk 01:07:57]} {[%emt 00:01:04]} 26. Ne7+ {[%clk
01:19:58]} {[%emt 00:00:06]} Kg7 {[%clk 01:08:21]} {[%emt 00:00:07]} 27. Nxc6
{[%clk 01:20:23]} {[%emt 00:00:05]} f6 {[%clk 01:08:26]} {[%emt 00:00:25]} 28.
Rd1 {[%clk 01:19:28]} {[%emt 00:01:24]} Rf7 {[%clk 01:08:44]} {[%emt 00:00:12]}
29. h3 {[%clk 01:18:12]} {[%emt 00:01:47]} Ra8 {[%clk 01:08:04]} {[%emt
00:01:09]} 30. Kf1 {[%clk 00:56:52]} {[%emt 00:21:50]} Ra6 {[%clk 01:08:07]}
{[%emt 00:00:27]} 31. b5 {[%clk 00:51:31]} {[%emt 00:05:51]} Rb6 {[%clk
01:06:03]} {[%emt 00:02:34]} 32. Rd5 {[%clk 00:48:44]} {[%emt 00:03:16]} g5
{[%clk 00:55:35]} {[%emt 00:10:59]} 33. Nd2 {[%clk 00:47:31]} {[%emt 00:01:43]}
Kg6 {[%clk 00:55:46]} {[%emt 00:00:20]} 34. Nc4 {[%clk 00:47:51]} {[%emt
00:00:10]} Rb7 {[%clk 00:56:13]} {[%emt 00:00:03]} 35. Nd8 {[%clk 00:48:03]}
{[%emt 00:00:18]} 1-0

[Event "DEM U10 2025"]
[Site "Willingen GER"]
[Date "2025.06.09"]
[Round "3"]
[White "Ni, Wilhelm Zeyin"]
[Black "Winkens, Jonathan"]
[Result "1-0"]
[Termination "normal"]
[Board "11"]
[WhiteElo "1654"]
[BlackElo "1406"]
[WhiteClock "00:40:11"]
[BlackClock "01:23:22"]
[PlyCount "119"]
[WhiteFideId "34675337"]
[BlackFideId "533019703"]
[EventCountry "GER"]
[EventRounds "9"]
[EventType "swiss"]
[EventDate "2025.06.07"]

1. e4 {[%clk 01:30:58]} {[%emt 00:00:01]} e5 {[%clk 01:30:37]} {[%emt
00:00:24]} 2. Nf3 {[%clk 01:31:23]} {[%emt 00:00:05]} Nc6 {[%clk 01:31:01]}
{[%emt 00:00:06]} 3. Bc4 {[%clk 01:31:49]} {[%emt 00:00:05]} Nf6 {[%clk
01:31:17]} {[%emt 00:00:13]} 4. d4 {[%clk 01:31:49]} {[%emt 00:00:31]} exd4
{[%clk 01:31:28]} {[%emt 00:00:19]} 5. O-O {[%clk 01:32:10]} {[%emt 00:00:08]}
Nxe4 {[%clk 01:31:49]} {[%emt 00:00:09]} 6. Re1 {[%clk 01:32:34]} {[%emt
00:00:06]} d5 {[%clk 01:32:13]} {[%emt 00:00:06]} 7. Bxd5 {[%clk 01:32:58]}
{[%emt 00:00:06]} Qxd5 {[%clk 01:32:36]} {[%emt 00:00:07]} 8. Nc3 {[%clk
01:33:21]} {[%emt 00:00:06]} Qd7 {[%clk 01:32:16]} {[%emt 00:00:50]} 9. Nxe4
{[%clk 01:32:58]} {[%emt 00:00:54]} Be7 {[%clk 01:32:41]} {[%emt 00:00:05]} 10.
Bf4 {[%clk 01:27:41]} {[%emt 00:05:47]} O-O {[%clk 01:32:43]} {[%emt 00:00:27]}
11. a3 {[%clk 01:23:38]} {[%emt 00:04:34]} a5 {[%clk 01:30:58]} {[%emt
00:02:14]} 12. Qd3 {[%clk 01:23:47]} {[%emt 00:00:21]} b6 {[%clk 01:30:17]}
{[%emt 00:01:11]} 13. Neg5 {[%clk 01:23:02]} {[%emt 00:01:14]} Qf5 {[%clk
01:29:26]} {[%emt 00:01:21]} 14. Qxf5 {[%clk 01:22:00]} {[%emt 00:01:33]} Bxf5
{[%clk 01:29:49]} {[%emt 00:00:06]} 15. Bxc7 {[%clk 01:22:15]} {[%emt
00:00:17]} Bc5 {[%clk 01:29:17]} {[%emt 00:01:02]} 16. Ne4 {[%clk 01:21:00]}
{[%emt 00:01:45]} Rfe8 {[%clk 01:25:44]} {[%emt 00:04:03]} 17. Nxc5 {[%clk
01:12:18]} {[%emt 00:09:13]} Rxe1+ {[%clk 01:26:04]} {[%emt 00:00:09]} 18. Rxe1
{[%clk 01:09:24]} {[%emt 00:03:24]} bxc5 {[%clk 01:26:10]} {[%emt 00:00:25]}
19. Re2 {[%clk 00:54:12]} {[%emt 00:15:41]} Bg4 {[%clk 01:26:32]} {[%emt
00:00:08]} 20. h3 {[%clk 00:49:17]} {[%emt 00:05:25]} Bf5 {[%clk 01:24:31]}
{[%emt 00:02:31]} 21. g4 {[%clk 00:47:31]} {[%emt 00:02:16]} Bg6 {[%clk
01:24:17]} {[%emt 00:00:45]} 22. Nh4 {[%clk 00:47:46]} {[%emt 00:00:15]} d3
{[%clk 01:23:35]} {[%emt 00:01:12]} 23. cxd3 {[%clk 00:47:34]} {[%emt
00:00:42]} Bxd3 {[%clk 01:23:58]} {[%emt 00:00:07]} 24. Rd2 {[%clk 00:47:52]}
{[%emt 00:00:13]} Be4 {[%clk 01:23:43]} {[%emt 00:00:44]} 25. f3 {[%clk
00:47:28]} {[%emt 00:00:54]} Rc8 {[%clk 01:23:21]} {[%emt 00:00:49]} 26. fxe4
{[%clk 00:40:13]} {[%emt 00:07:49]} Rxc7 {[%clk 01:23:39]} {[%emt 00:00:11]}
27. Rd5 {[%clk 00:40:12]} {[%emt 00:00:32]} g6 {[%clk 01:20:42]} {[%emt
00:03:27]} 28. Rxc5 {[%clk 00:40:27]} {[%emt 00:00:14]} Kg7 {[%clk 01:20:44]}
{[%emt 00:00:28]} 29. Nf3 {[%clk 00:40:37]} {[%emt 00:00:20]} Kf6 {[%clk
01:18:15]} {[%emt 00:02:59]} 30. Nd4 {[%clk 00:40:56]} {[%emt 00:00:11]} Nxd4
{[%clk 01:17:17]} {[%emt 00:01:28]} 31. Rxc7 {[%clk 00:38:46]} {[%emt
00:02:40]} Nf3+ {[%clk 01:17:34]} {[%emt 00:00:13]} 32. Kg2 {[%clk 00:38:45]}
{[%emt 00:00:32]} Ng5 {[%clk 01:17:49]} {[%emt 00:00:15]} 33. Rc6+ {[%clk
00:38:26]} {[%emt 00:00:48]} Ke5 {[%clk 01:17:48]} {[%emt 00:00:32]} 34. Rc5+
{[%clk 00:38:48]} {[%emt 00:00:08]} Kf6 {[%clk 01:18:08]} {[%emt 00:00:09]} 35.
Rxg5 {[%clk 00:38:41]} {[%emt 00:00:37]} Kxg5 {[%clk 01:18:32]} {[%emt
00:00:06]} 36. Kg3 {[%clk 00:38:58]} {[%emt 00:00:13]} a4 {[%clk 01:18:52]}
{[%emt 00:00:10]} 37. h4+ {[%clk 00:39:12]} {[%emt 00:00:16]} Kf6 {[%clk
01:19:11]} {[%emt 00:00:11]} 38. Kf4 {[%clk 00:39:23]} {[%emt 00:00:19]} h6
{[%clk 01:19:33]} {[%emt 00:00:07]} 39. g5+ {[%clk 00:38:37]} {[%emt 00:01:17]}
hxg5+ {[%clk 01:19:55]} {[%emt 00:00:08]} 40. hxg5+ {[%clk 00:39:01]} {[%emt
00:00:05]} Ke6 {[%clk 01:20:13]} {[%emt 00:00:12]} 41. Kf3 {[%clk 00:36:45]}
{[%emt 00:02:46]} Kd6 {[%clk 01:19:25]} {[%emt 00:01:19]} 42. Ke2 {[%clk
00:36:43]} {[%emt 00:00:32]} Kc5 {[%clk 01:18:46]} {[%emt 00:01:08]} 43. Kd3
{[%clk 00:36:27]} {[%emt 00:00:46]} Kd6 {[%clk 01:17:45]} {[%emt 00:01:32]} 44.
Kc4 {[%clk 00:35:50]} {[%emt 00:01:07]} Ke5 {[%clk 01:18:07]} {[%emt 00:00:08]}
45. Kb4 {[%clk 00:36:10]} {[%emt 00:00:10]} Kxe4 {[%clk 01:18:31]} {[%emt
00:00:06]} 46. Kxa4 {[%clk 00:36:27]} {[%emt 00:00:13]} Kd5 {[%clk 01:18:55]}
{[%emt 00:00:06]} 47. b4 {[%clk 00:36:30]} {[%emt 00:00:27]} Kc6 {[%clk
01:19:17]} {[%emt 00:00:08]} 48. b5+ {[%clk 00:36:49]} {[%emt 00:00:12]} Kb6
{[%clk 01:19:40]} {[%emt 00:00:07]} 49. Kb4 {[%clk 00:37:12]} {[%emt 00:00:07]}
Kb7 {[%clk 01:20:04]} {[%emt 00:00:06]} 50. a4 {[%clk 00:37:30]} {[%emt
00:00:11]} Kb6 {[%clk 01:20:30]} {[%emt 00:00:05]} 51. Kc4 {[%clk 00:37:48]}
{[%emt 00:00:12]} Kc7 {[%clk 01:20:45]} {[%emt 00:00:14]} 52. Kd5 {[%clk
00:38:03]} {[%emt 00:00:16]} f5 {[%clk 01:20:52]} {[%emt 00:00:23]} 53. gxf6
{[%clk 00:38:19]} {[%emt 00:00:13]} g5 {[%clk 01:21:02]} {[%emt 00:00:21]} 54.
f7 {[%clk 00:38:42]} {[%emt 00:00:07]} g4 {[%clk 01:21:26]} {[%emt 00:00:05]}
55. f8=Q {[%clk 00:39:05]} {[%emt 00:00:07]} g3 {[%clk 01:21:48]} {[%emt
00:00:08]} 56. Qf4+ {[%clk 00:39:25]} {[%emt 00:00:09]} Kb6 {[%clk 01:22:10]}
{[%emt 00:00:09]} 57. Qxg3 {[%clk 00:39:45]} {[%emt 00:00:10]} Ka5 {[%clk
01:22:34]} {[%emt 00:00:06]} 58. Kc5 {[%clk 00:39:28]} {[%emt 00:00:48]} Kxa4
{[%clk 01:22:58]} {[%emt 00:00:06]} 59. b6 {[%clk 00:39:48]} {[%emt 00:00:10]}
Ka5 {[%clk 01:23:22]} {[%emt 00:00:06]} 60. b7 {[%clk 00:40:11]} {[%emt
00:00:06]} 1-0

[Event "DEM U10 2025"]
[Site "Willingen GER"]
[Date "2025.06.09"]
[Round "3"]
[White "Mitin, Maximilian"]
[Black "Hornych, Fridtjof"]
[Result "1-0"]
[Termination "normal"]
[Board "12"]
[WhiteElo "1714"]
[BlackElo "1385"]
[WhiteClock "01:23:57"]
[BlackClock "01:11:26"]
[PlyCount "119"]
[WhiteFideId "533034281"]
[BlackFideId "533043507"]
[EventCountry "GER"]
[EventRounds "9"]
[EventType "swiss"]
[EventDate "2025.06.07"]

1. d4 {[%clk 01:30:59]} d5 {[%clk 01:30:52]} {[%emt 00:00:08]} 2. c4 {[%clk
01:30:37]} {[%emt 00:00:52]} e6 {[%clk 01:31:03]} {[%emt 00:00:19]} 3. Nc3
{[%clk 01:29:38]} {[%emt 00:01:29]} Nf6 {[%clk 01:31:04]} {[%emt 00:00:29]} 4.
Bf4 {[%clk 01:29:40]} {[%emt 00:00:29]} c6 {[%clk 01:30:47]} {[%emt 00:00:47]}
5. e3 {[%clk 01:29:11]} {[%emt 00:00:59]} Be7 {[%clk 01:30:31]} {[%emt
00:00:46]} 6. Nf3 {[%clk 01:26:37]} {[%emt 00:03:04]} O-O {[%clk 01:29:57]}
{[%emt 00:01:03]} 7. Bd3 {[%clk 01:26:37]} {[%emt 00:00:30]} dxc4 {[%clk
01:30:10]} {[%emt 00:00:18]} 8. Bxc4 {[%clk 01:27:01]} {[%emt 00:00:06]} b5
{[%clk 01:30:03]} {[%emt 00:00:38]} 9. Bd3 {[%clk 01:27:08]} {[%emt 00:00:23]}
a6 {[%clk 01:30:25]} {[%emt 00:00:08]} 10. Qc2 {[%clk 01:26:23]} {[%emt
00:01:16]} Nbd7 {[%clk 01:30:17]} {[%emt 00:00:37]} 11. Ne4 {[%clk 01:26:00]}
{[%emt 00:00:54]} Bb7 {[%clk 01:28:40]} {[%emt 00:02:06]} 12. Nd6 {[%clk
01:25:42]} {[%emt 00:00:49]} Bxd6 {[%clk 01:28:23]} {[%emt 00:00:47]} 13. Bxd6
{[%clk 01:26:05]} {[%emt 00:00:06]} Re8 {[%clk 01:28:30]} {[%emt 00:00:23]} 14.
Ne5 {[%clk 01:25:42]} {[%emt 00:00:54]} Rc8 {[%clk 01:27:22]} {[%emt 00:01:37]}
15. g4 {[%clk 01:25:10]} {[%emt 00:01:02]} h6 {[%clk 01:26:35]} {[%emt
00:01:17]} 16. f3 {[%clk 01:24:08]} {[%emt 00:01:33]} Qb6 {[%clk 01:19:50]}
{[%emt 00:07:08]} 17. h4 {[%clk 01:23:53]} {[%emt 00:00:52]} c5 {[%clk
01:18:22]} {[%emt 00:01:57]} 18. Nxd7 {[%clk 01:22:52]} {[%emt 00:01:31]} Nxd7
{[%clk 01:17:35]} {[%emt 00:01:17]} 19. Bxc5 {[%clk 01:22:36]} {[%emt
00:00:46]} Nxc5 {[%clk 01:17:45]} {[%emt 00:00:19]} 20. dxc5 {[%clk 01:22:53]}
{[%emt 00:00:15]} Qxc5 {[%clk 01:17:19]} {[%emt 00:00:55]} 21. Qxc5 {[%clk
01:22:52]} {[%emt 00:00:31]} Rxc5 {[%clk 01:17:36]} {[%emt 00:00:12]} 22. Rf1
{[%clk 01:22:35]} {[%emt 00:00:47]} Rec8 {[%clk 01:17:42]} {[%emt 00:00:24]}
23. Kd2 {[%clk 01:22:20]} {[%emt 00:00:46]} Rd8 {[%clk 01:16:54]} {[%emt
00:01:17]} 24. Ke2 {[%clk 01:22:39]} {[%emt 00:00:12]} Rcd5 {[%clk 01:17:00]}
{[%emt 00:00:24]} 25. Rad1 {[%clk 01:22:48]} {[%emt 00:00:20]} a5 {[%clk
01:16:38]} {[%emt 00:00:53]} 26. e4 {[%clk 01:22:34]} {[%emt 00:00:44]} Rc5
{[%clk 01:16:34]} {[%emt 00:00:34]} 27. Rc1 {[%clk 01:22:41]} {[%emt 00:00:23]}
Rdc8 {[%clk 01:16:52]} {[%emt 00:00:12]} 28. Kd2 {[%clk 01:22:34]} {[%emt
00:00:38]} b4 {[%clk 01:16:54]} {[%emt 00:00:27]} 29. Rxc5 {[%clk 01:22:31]}
{[%emt 00:00:33]} Rxc5 {[%clk 01:16:55]} {[%emt 00:00:19]} 30. Rc1 {[%clk
01:22:49]} {[%emt 00:00:22]} Rxc1 {[%clk 01:16:37]} {[%emt 00:00:48]} 31. Kxc1
{[%clk 01:23:12]} {[%emt 00:00:07]} Kf8 {[%clk 01:16:49]} {[%emt 00:00:18]} 32.
Kc2 {[%clk 01:22:49]} {[%emt 00:00:53]} Bc6 {[%clk 01:17:06]} {[%emt 00:00:13]}
33. Kb3 {[%clk 01:23:06]} {[%emt 00:00:13]} Ke7 {[%clk 01:16:37]} {[%emt
00:00:58]} 34. Kc4 {[%clk 01:23:04]} {[%emt 00:00:32]} Kd7 {[%clk 01:16:36]}
{[%emt 00:00:31]} 35. Kc5 {[%clk 01:23:24]} {[%emt 00:00:11]} Kc7 {[%clk
01:16:30]} {[%emt 00:00:36]} 36. Bb5 {[%clk 01:23:41]} {[%emt 00:00:14]} Bb7
{[%clk 01:16:30]} {[%emt 00:00:29]} 37. Be8 {[%clk 01:22:37]} {[%emt 00:01:33]}
f5 {[%clk 01:15:08]} {[%emt 00:01:53]} 38. gxf5 {[%clk 01:20:16]} {[%emt
00:02:51]} exf5 {[%clk 01:15:27]} {[%emt 00:00:11]} 39. exf5 {[%clk 01:20:19]}
{[%emt 00:00:28]} Bxf3 {[%clk 01:15:42]} {[%emt 00:00:15]} 40. Kb5 {[%clk
01:20:42]} {[%emt 00:00:07]} Bd5 {[%clk 01:15:24]} {[%emt 00:00:47]} 41. a3
{[%clk 01:21:06]} {[%emt 00:00:07]} bxa3 {[%clk 01:14:49]} {[%emt 00:01:04]}
42. bxa3 {[%clk 01:21:29]} {[%emt 00:00:07]} Be4 {[%clk 01:14:28]} {[%emt
00:00:51]} 43. Bg6 {[%clk 01:21:36]} {[%emt 00:00:23]} Kb7 {[%clk 01:13:27]}
{[%emt 00:01:31]} 44. h5 {[%clk 01:21:42]} {[%emt 00:00:24]} Bf3 {[%clk
01:13:30]} {[%emt 00:00:27]} 45. Kxa5 {[%clk 01:22:01]} {[%emt 00:00:10]} Ka7
{[%clk 01:13:49]} {[%emt 00:00:11]} 46. a4 {[%clk 01:22:06]} {[%emt 00:00:25]}
Bd1 {[%clk 01:13:49]} {[%emt 00:00:29]} 47. Kb5 {[%clk 01:22:04]} {[%emt
00:00:32]} Kb7 {[%clk 01:13:53]} {[%emt 00:00:26]} 48. a5 {[%clk 01:22:13]}
{[%emt 00:00:21]} Kc7 {[%clk 01:12:23]} {[%emt 00:02:00]} 49. Kc5 {[%clk
01:22:03]} {[%emt 00:00:40]} Be2 {[%clk 01:12:12]} {[%emt 00:00:41]} 50. Bf7
{[%clk 01:20:38]} {[%emt 00:01:55]} Bd3 {[%clk 01:12:14]} {[%emt 00:00:28]} 51.
Bg8 {[%clk 01:20:59]} {[%emt 00:00:09]} Bxf5 {[%clk 01:11:25]} {[%emt
00:01:18]} 52. a6 {[%clk 01:21:08]} {[%emt 00:00:23]} Bg4 {[%clk 01:10:53]}
{[%emt 00:01:01]} 53. Bd5 {[%clk 01:21:12]} {[%emt 00:00:26]} Bc8 {[%clk
01:10:11]} {[%emt 00:01:12]} 54. a7 {[%clk 01:21:31]} {[%emt 00:00:12]} Bb7
{[%clk 01:10:13]} {[%emt 00:00:28]} 55. Bxb7 {[%clk 01:21:55]} {[%emt
00:00:06]} Kxb7 {[%clk 01:10:30]} {[%emt 00:00:13]} 56. Kd6 {[%clk 01:22:20]}
{[%emt 00:00:04]} Kxa7 {[%clk 01:10:50]} {[%emt 00:00:10]} 57. Ke7 {[%clk
01:22:46]} {[%emt 00:00:04]} Kb8 {[%clk 01:11:03]} {[%emt 00:00:17]} 58. Kf7
{[%clk 01:23:09]} {[%emt 00:00:07]} Kc8 {[%clk 01:11:16]} {[%emt 00:00:17]} 59.
Kxg7 {[%clk 01:23:32]} {[%emt 00:00:07]} Kd8 {[%clk 01:11:26]} {[%emt
00:00:20]} 60. Kxh6 {[%clk 01:23:57]} {[%emt 00:00:05]} 1-0